005270000a220008500045001000030000002450057000303000047000875200262001347730045003961 aChaparro Valderrama, Hugo10aMi nombre es Mandrake : Nuevo libro de Rubem Fonseca aVol.0, núm.18 ( Marzo, 2007), Página16 aLlega a Colombia un nuevo libro de uno de los mejores escritores vivos del Brasil. Rubem Fonseca, un ex abogado que a los ochenta y dos años sigue gozando de una excelente salud literaria y lo demuestra con creces a través de su álter ego, Mandrake.0 tArcadia / Andrés Felipe Solano, Editor